00786nam a2200265Ia 4500008004100000020001400041050001100055050001600066100002300082245004200105245002300147260001400170260003000184260000900214300001500223300001700238300001100255440003400266650001900300650001300319650002500332650002500357999001900382952011900401170203s9999 xx 000 0 und d a431057885 a788.92 b.P557t 2007 aPhillpotts, James. aShould I learn to play the trumpet? / cJames Phillpostts. aOxford :  bHarcourt Educational Ltd. c2007 a32 pages : bcol. ill. ;  c25 cm. aLearning musical instruments. atrumpet music. atrumpet. xJuvenile literature. xJuvenile literature. c305503d305503 001040aSSISBbSSISBcHS NON-FICd2017-02-03l0o788.92 .P557t 2007pUS-0569r2017-02-03 00:00:00w2017-02-03yBK